000 01199nam0a22002651 4500
001 rc\518179
005 20260407150125.0
035 _a(NLR Aleph) 005757586
090 _a4905699
_c4905699
100 _a20030616d1987 |||y0rusy50 ca
101 0 _arus
102 _aRU
105 _ay |||||||||
200 1 _aОСНОВНЫЕ направления развития упаковки безалкогольных напитков за рубежом
_fИсполн. Р.В. Томашевич
210 _aМинск
_cБелНИИ НТИ
_d1987
215 _a7 с.
_d20
225 1 _aЭкспресс-информация
_fБелорус. НИИ НТИ и техн.-экон. исслед. Госплана БССР
_hСерия 65.01.90
300 _aБез тит. л. и обл.
702 1 _aТомашевич
_bР.В.
_gРаиса Васильевна
_4570
712 0 2 _aБелорусский НИИ научно-технической информации и технико-экономических исследований
_cМинск
_3RU\NLR\AUTH\8810024784
_9547792
801 0 _aRU
_bNLR
_gpsbo
801 1 _aRU
_bELAR
_2rusmarc
852 _aNLR
_j88-4/16627
942 _cBOOK
980 _aNB